Tilastot visalle Nimeä Pasila- hahmot

Klikkaa tästä pelataksesi tätä visaa!

Yleistilastot

  • Tätä visaa on pelattu 34 kertaa
    (30 viimeisimmän päivityksen jälkeen)
  • Keskiarvotulos 9 / 25

Vastaustilastot

VinkkiVastaus% Oikein
Aseman seniili ja vanha ylikomisarioRauno Repomies
100%
Aseman tuttia imeskelevä komisarioKyösti Pöysti
88%
Konstaapeli, ja ylemmän ystäväTommi Neponen
88%
Asemasta huolehtiva poliisi, joka pitää asioita "jänninä"Pekka Routalempi
76%
Aseman naiskonstaapeliHelga
65%
Aamutelevision juontajaJuhani Kontiovaara
59%
Artisti, jonka uusin laulu on "Karrelle Palanut Enkeli"Andy Suonsilmä
47%
Pop-tähti, homoikoni ja Tanssii Tähtien Kanssa- esiintyjä joka joutuu stalkkauksen uhriksiJemmica Laamanen
35%
Videopelihahmo, joka on tuhonnut Amsterdamin ja tappanut Iranin presidentinJohnson
35%
Kilahdusherkkä nykytanssijaReetta Ruusu
35%
CIA:n agentti joka kuulustelee vankeja ympäri Europpaa. Kaikki hänelle rakas kuoleeJack Jofa
29%
Mainostoimisto Buddhan puheenjohtajaJerppe Stoltenstolten
29%
Harrastusta kaipaava, taannoin luokan parhaan Hemoglobiinin omaava miesLaakkonen
24%
Koira joka ammutaan singollaMarsalkka
24%
Kirjailija joka laukaisee Phil Collins- darranHeidi Somervuo
18%
Terroristi, joka aiheuttaa pommi-iskuja ympäri Helsinkiä.Heikki Matikainen
18%
Virginia Woffelhousen kokkiMasa
18%
Kiusaa poliisia poliisin blogipalstallaOsmoosi69
18%
Aamutelevision urheilutoimittajaPasi Vatanen
18%
Autoilija, joka omaa Suomen suurimman määrän ylinopeussakkoja. Ajaa poliisin päältäPete Makkonen
18%
Mies, joka hulluuntuu ylemmän lauluista ja on hulluuspäissään pahoinpidellyt naapurin Siperianhuskyn luullen sitä Kommunistiksi.Raine Makkula
18%
114- vuotias mies joka on taistellut jokaisessa Suomen sodassa, jokaisella puolellaRepomiehen Isoisä
18%
Ylemmän stalkkeriSami Raunio
18%
Suosittu kirjailija, jonka tuotantoa on esim. Alakertaan on noustava, yläkertaan laskeudattavaSesse Ensilumi
18%
Keittää sokeuttavaa ja tappavaa viinaa joka joutuu myyntiin Suomen AlkoihinVeikko Salmelainen
18%

Tulosjakauma

Persentiili vastausten määrän mukaan

Jokaisen tuloksen saaneiden osuus

Tuloshistoriasi

Et ole pelannut tätä visaa sen viimeisimmän päivityksen jälkeen